A Textbook of Strength of Materials : (Record no. 869)

000 -LEADER
fixed length control field 00744nam a2200253 a 4500
008 - FIXED-LENGTH DATA ELEMENTS--GENERAL INFORMATION
fixed length control field 191106r20122013ii a|||g |||| 001 0 eng d
020 ## - INTERNATIONAL STANDARD BOOK NUMBER
International Standard Book Number 9788131800003
Terms of availability Rs. 469.00
040 ## - CATALOGING SOURCE
Original cataloging agency IMU Kochi Library
Language of cataloging eng
041 0# - LANGUAGE CODE
Language code of text/sound track or separate title eng
044 ## - COUNTRY OF PUBLISHING/PRODUCING ENTITY CODE
MARC country code India
082 04 - DEWEY DECIMAL CLASSIFICATION NUMBER
Edition number 23
Classification number 620.112
Item number B2278
100 1# - MAIN ENTRY--PERSONAL NAME
Personal name Bansal, R. K.
245 10 - TITLE STATEMENT
Title A Textbook of Strength of Materials :
Sub Title Mechanics of Solids /
250 ## - EDITION STATEMENT
Edition statement 5th ed.
260 ## - PUBLICATION, DISTRIBUTION, ETC. (IMPRINT)
Place of publication, distribution, etc New Delhi :
Name of publisher, distributor, etc Laxmi Publications (P) Ltd,
Date of publication, distribution, etc 2012, reprinted 2013
300 ## - PHYSICAL DESCRIPTION
Extent xvi, 1144 p. :
Other physical details ill. ;
Dimensions 24 cm.
504 ## - BIBLIOGRAPHY, ETC. NOTE
Bibliography, etc Includes index.
650 #0 - SUBJECT ADDED ENTRY--TOPICAL TERM
Topical term or geographic name as entry element Strains and stresses
Form subdivision Textbooks
650 #0 - SUBJECT ADDED ENTRY--TOPICAL TERM
Topical term or geographic name as entry element Deformations (Mechanics)
Form subdivision Textbooks
650 #0 - SUBJECT ADDED ENTRY--TOPICAL TERM
Topical term or geographic name as entry element Joints (Engineering)
852 ## - LOCATION/CALL NUMBER
Location IMU Kochi Library
904 ## - LOCAL DATA ELEMENT D, LDD (RLIN)
CATALOGER Shine Joy
942 ## - ADDED ENTRY ELEMENTS (KOHA)
Item type Books
Holdings
Withdrawn status Lost status Source of classification or shelving scheme Damaged status Not for loan Collection code Permanent location Current location Shelving location Date acquired Source of acquisition Cost, normal purchase price Full call number Barcode Date last seen Koha item type Public note
          Engineering IMU Kochi Library IMU Kochi Library General Stacks 2013-08-29 Flipkart 469.00 620.112 B2278 BK000898 2019-11-06 Books Gen. Shelf-11, Row-5
          Engineering IMU Kochi Library IMU Kochi Library General Stacks 2013-08-29 Flipkart 469.00 620.112 B2278 BK000899 2019-11-06 Books Gen. Shelf-11, Row-5


Copyright © All Rights Reserved by Indian Maritime University, Kochi Campus.
For any Suggestions/Query Contact to library or Email: library.kochi@imu.ac.in Ph:(0484)-2989402
(Web OPAC Designed by Rudra Ranjan. Maintained by IMU Kochi Library)

Powered by Koha